[Event "Team Russia"]
[Site "Petergof"]
[Date "2015.08.06"]
[Round "6.38"]
[White "Kolbyshev, Sergei"]
[Black "Golikov, Daniil"]
[Result "1-0"]
[WhiteElo "2154"]
[BlackElo "1995"]
[PlyCount "129"]
[EventDate "2015.08.??"]
[EventType "team-swiss"]

1. d4 d5 2. Nf3 Nf6 3. c4 c6 4. Nc3 e6 5. Bg5 Bb4 6. e3 Qa5 7. Bxf6 Bxc3+ 8.
bxc3 Qxc3+ 9. Nd2 gxf6 10. Rc1 Qa5 11. Qc2 Na6 12. Be2 Bd7 13. O-O f5 14. cxd5
cxd5 15. Nb3 Qa3 16. Bxa6 Qxa6 17. Nc5 Qc6 18. Qd1 b5 19. Qh5 Qd6 20. f4 h6 21.
Rc2 Kf8 22. Nxd7+ Qxd7 23. Rfc1 Qd8 24. Rc7 Rh7 25. g3 b4 26. Qe2 Kg7 27. Qa6
Kg6 28. R1c6 Qf6 29. Rxa7 Rxa7 30. Qxa7 h5 31. Qb8 h4 32. Rc8 hxg3 33. hxg3 Rg7
34. Re8 Rh7 35. Rg8+ Rg7 36. Re8 Rh7 37. Kg2 Rh6 38. Rg8+ Kh7 39. Qd8 Qxd8 40.
Rxd8 Rg6 41. Rb8 Rg8 42. Rxb4 Ra8 43. a4 Kg6 44. Kf3 Kf6 45. Ke2 Ke7 46. Kd3
Kd6 47. Kc3 Rg8 48. Rb3 Kc6 49. Kb4 Rxg3 50. Rc3+ Kb6 51. a5+ Kb7 52. Kc5 f6
53. Kd6 e5 54. dxe5 d4 55. Rc7+ Kb8 56. exd4 fxe5 57. fxe5 f4 58. Rf7 Rg8 59.
Rxf4 Rd8+ 60. Kc6 Ka7 61. e6 Ka6 62. e7 Rb8 63. Rf8 Rc8+ 64. Rxc8 Ka7 65. e8=N
1-0

[Event "Team Russia"]
[Site "Petergof"]
[Date "2015.08.06"]
[Round "6.39"]
[White "Shinkevich, Maksim"]
[Black "Kolmagorov, Alexey"]
[Result "0-1"]
[WhiteElo "1987"]
[BlackElo "1992"]
[PlyCount "133"]
[EventDate "2015.08.??"]
[EventType "team-swiss"]

1. d4 Nf6 2. c4 c5 3. d5 b5 4. cxb5 a6 5. b6 g6 6. Nc3 Qxb6 7. e4 d6 8. Nf3
Nbd7 9. Be2 Bg7 10. O-O O-O 11. a4 a5 12. Qc2 h6 13. Nd2 Ne8 14. Nc4 Qb8 15.
Bd2 Nb6 16. Ra3 Nxc4 17. Bxc4 Bd7 18. Bb5 Qc8 19. Nd1 Nc7 20. Bxd7 Qxd7 21. Rh3
h5 22. Ne3 Rfb8 23. Nc4 Na6 24. Bxa5 Nb4 25. Bxb4 Qxa4 26. b3 Qxb4 27. Qe2 Qb5
28. Rd3 Bd4 29. Rg3 Kh7 30. Qf3 Rf8 31. h3 Ra2 32. Qf4 Re2 33. Rf3 Kg7 34. g4
hxg4 35. Qxg4 Ra2 36. h4 Rh8 37. Qf4 Qe8 38. e5 dxe5 39. Nxe5 Bxe5 40. Qxe5+ f6
41. Qe4 Rh5 42. d6 Ra7 43. Rd1 Re5 44. Qg4 exd6 45. Rxd6 Re1+ 46. Kg2 f5 47.
Rxf5 Raa1 48. Kf3 Qe2+ 49. Kf4 Qxg4+ 50. Kxg4 gxf5+ 51. Kxf5 Ra7 52. Rg6+ Kh7
53. Rc6 Rf7+ 54. Kg4 Rg1+ 55. Kh3 Rxf2 56. Rxc5 Rg7 57. Rc3 Rf4 58. Rd3 Rb4 59.
Rc3 Rgb7 60. Rc6 Rxb3+ 61. Kg4 Rg7+ 62. Kf4 Rb4+ 63. Ke5 Rxh4 64. Rc1 Ra7 65.
Kf6 Rh5 66. Rf1 Ra6+ 67. Kf7 0-1

[Event "Team Russia"]
[Site "Petergof"]
[Date "2015.08.06"]
[Round "6.40"]
[White "Miroshnik, Ekaterina"]
[Black "Pankova, Julia"]
[Result "1/2-1/2"]
[WhiteElo "1786"]
[BlackElo "1681"]
[PlyCount "134"]
[EventDate "2015.08.??"]
[EventType "team-swiss"]

1. d4 Nf6 2. Nf3 e6 3. c4 b6 4. a3 Bb7 5. e3 d5 6. Nc3 Nbd7 7. Bd3 c5 8. b3 Ne4
9. Bb2 a6 10. O-O Bd6 11. Qe2 O-O 12. Rfd1 Ndf6 13. h3 Qe7 14. a4 cxd4 15. exd4
Bb4 16. Rac1 Rfd8 17. Ne5 Nxc3 18. Bxc3 Ne4 19. Bb2 f6 20. Ng4 Qf7 21. Ne3 Kh8
22. Qc2 f5 23. cxd5 Rac8 24. Qe2 exd5 25. Rxc8 Rxc8 26. Bxa6 f4 27. Ng4 Bxa6
28. Qxa6 Rf8 29. Qxb6 Be7 30. f3 Ng3 31. Qb5 Qf5 32. Qd3 Qe6 33. Ne5 Bf6 34. a5
Rc8 35. a6 Nf5 36. Ra1 Ne3 37. a7 Ra8 38. Qb5 Qg8 39. Nc6 h6 40. Qb8 Kh7 41.
Qb7 Nc2 42. Rc1 Ne3 43. Ne5 Qe8 44. Qc6 Qf8 45. Nd7 Qb4 46. Nxf6+ gxf6 47. Qd7+
Kg6 48. Bc3 Qb6 49. Ra1 Qxb3 50. h4 Qc2 51. h5+ Kxh5 52. Qh3+ Kg6 53. Be1 Qc7
54. Qe6 Rxa7 55. Qe8+ Qf7 56. Qxf7+ Rxf7 57. Bf2 Nf5 58. Ra5 Rd7 59. Kf1 Ne7
60. g3 fxg3 61. Bxg3 Nf5 62. Bf2 Kg5 63. Ra6 Rd6 64. Ra8 h5 65. Rg8+ Kh6 66.
Rh8+ Kg6 67. Kg2 Rd7 1/2-1/2

[Event "Team Russia"]
[Site "Petergof"]
[Date "2015.08.06"]
[Round "6.41"]
[White "Bekhovskiy, Mikhail"]
[Black "Pak, Alexander"]
[Result "1/2-1/2"]
[WhiteElo "2286"]
[BlackElo "2196"]
[PlyCount "93"]
[EventDate "2015.08.??"]
[EventType "team-swiss"]

1. e4 c5 2. c3 d5 3. exd5 Qxd5 4. d4 Nf6 5. Nf3 Bg4 6. Be2 e6 7. h3 Bh5 8. O-O
Nc6 9. Be3 cxd4 10. cxd4 Be7 11. Nc3 Qd6 12. Qb3 O-O 13. Rfd1 Nb4 14. g4 Bg6
15. Rac1 Nbd5 16. Ne5 Nxe3 17. fxe3 Nd5 18. Nxd5 exd5 19. Bf3 Bg5 20. Rc3 Be4
21. Bxe4 dxe4 22. Rf1 Bf6 23. Qb5 Rae8 24. Rc5 a6 25. Qxb7 Bxe5 26. Rxe5 Rxe5
27. dxe5 Qxe5 28. Rf4 Qc5 29. Qxe4 Qc1+ 30. Kg2 Qxb2+ 31. Rf2 Qb6 32. a4 h6 33.
h4 Rb8 34. g5 hxg5 35. hxg5 Qb7 36. Qxb7 Rxb7 37. Rf5 Kh7 38. Rc5 Rb6 39. a5
Rd6 40. Kg3 Kg6 41. Kf4 f6 42. e4 Re6 43. gxf6 gxf6 44. Ke3 Kf7 45. Kd4 Rd6+
46. Rd5 Ke7 47. Kc5 1/2-1/2

[Event "Team Russia"]
[Site "Petergof"]
[Date "2015.08.06"]
[Round "6.42"]
[White "Yeritsyan, Aram"]
[Black "Azimov, Ilyas"]
[Result "1/2-1/2"]
[WhiteElo "2117"]
[BlackElo "2058"]
[PlyCount "80"]
[EventDate "2015.08.??"]
[EventType "team-swiss"]

1. e4 c5 2. Nf3 d6 3. d4 cxd4 4. Nxd4 Nf6 5. Nc3 g6 6. Be3 a6 7. f3 Bg7 8. Bc4
Nbd7 9. Qd2 h5 10. O-O Qc7 11. Bb3 O-O 12. Rad1 b5 13. a4 bxa4 14. Nxa4 Bb7 15.
c4 Rab8 16. Ba2 Ne5 17. Rc1 Nfd7 18. b4 Nc6 19. c5 Nxd4 20. Bxd4 dxc5 21. Bxg7
Kxg7 22. Nxc5 Nxc5 23. bxc5 Bc6 24. Qc3+ Kg8 25. Rfd1 Rfd8 26. Qc4 Qf4 27. Qxa6
Qe3+ 28. Kh1 Rxd1+ 29. Rxd1 Qxc5 30. Qc4 Qxc4 31. Bxc4 Kg7 32. Kg1 Rc8 33. Bd5
Bxd5 34. Rxd5 Rc2 35. h4 Ra2 36. Kh2 Rb2 37. Kg3 Re2 38. Kh3 Ra2 39. Kg3 Rb2
40. Kh3 Ra2 1/2-1/2

[Event "Team Russia"]
[Site "Petergof"]
[Date "2015.08.06"]
[Round "6.43"]
[White "Petrushev, Nikita"]
[Black "Arkhipkin, Ilya"]
[Result "1-0"]
[WhiteElo "2060"]
[BlackElo "1974"]
[PlyCount "35"]
[EventDate "2015.08.??"]
[EventType "team-swiss"]

1. e4 e6 2. d4 d5 3. Nc3 Bb4 4. e5 c5 5. a3 Bxc3+ 6. bxc3 Ne7 7. Qg4 Qc7 8. Bd3
O-O 9. Bg5 Nbc6 10. Nf3 Ng6 11. h4 c4 12. Bxg6 fxg6 13. h5 gxh5 14. Qxh5 h6 15.
Qg4 Rxf3 16. Qxf3 hxg5 17. Kd2 Bd7 18. Rh8+ 1-0

[Event "Team Russia"]
[Site "Petergof"]
[Date "2015.08.06"]
[Round "6.44"]
[White "Obolentseva, Alexandra"]
[Black "Rybakova, Polina"]
[Result "1-0"]
[WhiteElo "2113"]
[BlackElo "1926"]
[PlyCount "85"]
[EventDate "2015.08.??"]
[EventType "team-swiss"]

1. d4 Nf6 2. c4 g6 3. Nc3 Bg7 4. e4 d6 5. Nf3 O-O 6. Be2 e5 7. O-O Nc6 8. d5
Ne7 9. b4 Nh5 10. Re1 f5 11. Ng5 Nf6 12. Bf3 c6 13. dxc6 bxc6 14. exf5 Bxf5 15.
Bb2 h6 16. Nge4 Nxe4 17. Nxe4 d5 18. Nc5 e4 19. Bxg7 Kxg7 20. Qd4+ Kh7 21. Be2
Qc7 22. cxd5 cxd5 23. Rac1 Qf4 24. g3 Qd6 25. Red1 Nc6 26. Qxd5 Qxd5 27. Rxd5
Nxb4 28. Rd4 Nc6 29. Ra4 a5 30. g4 Bc8 31. Rxe4 Nb4 32. Bc4 h5 33. a3 Na6 34.
Re7+ Kh6 35. Bxa6 Bxa6 36. Ne6 hxg4 37. Nxf8 Rxf8 38. Re5 a4 39. Re4 Bb5 40.
Rxg4 Rf3 41. Rg3 Rf5 42. Rh3+ Kg5 43. Rhc3 1-0

[Event "Team Russia"]
[Site "Petergof"]
[Date "2015.08.06"]
[Round "6.45"]
[White "Navrodskiy, Boris"]
[Black "Sinyanskiy, Maxim"]
[Result "1-0"]
[WhiteElo "2035"]
[BlackElo "2102"]
[PlyCount "149"]
[EventDate "2015.08.??"]
[EventType "team-swiss"]

1. d4 Nf6 2. c4 c5 3. d5 e6 4. Nc3 exd5 5. cxd5 d6 6. e4 g6 7. Nge2 Bg7 8. Ng3
a6 9. a4 Nbd7 10. Be2 O-O 11. O-O Rb8 12. f3 Ne8 13. Be3 Nc7 14. a5 b5 15. axb6
Rxb6 16. Rb1 Rb4 17. Qd2 Bf6 18. Nh1 Re8 19. Nf2 Nb6 20. Na2 Rb3 21. Nc1 Rxe3
22. Qxe3 Ncxd5 23. Qa3 Nb4 24. Na2 Nc2 25. Qa5 Ne3 26. Rfe1 Bd4 27. Bf1 Be6 28.
Nc3 Nc2 29. Rec1 Nb4 30. Ne2 Bxf2+ 31. Kxf2 Nd3+ 32. Kg1 Nxc1 33. Rxc1 Nc4 34.
Qxa6 Ne5 35. Rd1 Nc4 36. Nf4 Nb6 37. Qb7 Re7 38. Qc6 Rd7 39. Nxe6 fxe6 40. e5
Nd5 41. Bc4 Kg7 42. Bxd5 exd5 43. Qxd5 Qg5 44. exd6 Qxd5 45. Rxd5 Kf6 46. Kf2
Ke6 47. Rd2 Ke5 48. Ke3 h6 49. f4+ Kf5 50. Kf3 h5 51. g3 Ke6 52. g4 hxg4+ 53.
Kxg4 Kf6 54. h4 c4 55. Rd4 Ke6 56. Kg5 Kf7 57. h5 gxh5 58. Kxh5 Kf6 59. Kg4
Rg7+ 60. Kf3 Rd7 61. Ke4 Ke6 62. f5+ Kf6 63. Kf4 Kg7 64. Ke5 Kf7 65. Rxc4 Rd8
66. Rc7+ Kf8 67. Ke6 Re8+ 68. Kf6 Ra8 69. b4 Ke8 70. Ke6 Kf8 71. b5 Re8+ 72.
Kf6 Rb8 73. d7 Rb6+ 74. Rc6 Rb8 75. Rc8+ 1-0

[Event "Team Russia"]
[Site "Petergof"]
[Date "2015.08.06"]
[Round "6.46"]
[White "Stasenko, Alexey"]
[Black "German, Nikita"]
[Result "0-1"]
[WhiteElo "2092"]
[BlackElo "1987"]
[PlyCount "84"]
[EventDate "2015.08.??"]
[EventType "team-swiss"]

1. e4 c5 2. Nf3 e6 3. d3 Nc6 4. g3 g6 5. Bg2 Bg7 6. O-O d6 7. c3 e5 8. Bg5 Nge7
9. Qd2 O-O 10. Na3 f5 11. Bh6 f4 12. Bxg7 Kxg7 13. d4 cxd4 14. cxd4 Bg4 15. d5
Bxf3 16. Bxf3 Nd4 17. Be2 Rc8 18. f3 h5 19. Rac1 Rxc1 20. Rxc1 fxg3 21. Rc3 Qb6
22. Kh1 gxh2 23. Kxh2 Rf4 24. Rd3 Ng8 25. Rxd4 Qxd4 26. Qxd4 exd4 27. Kg3 g5
28. Nb5 h4+ 29. Kg2 h3+ 30. Kxh3 d3 31. Bd1 g4+ 32. Kg3 gxf3 33. Bxf3 Rf8 34.
Nxd6 d2 35. Nf5+ Kf6 36. Kf2 Ne7 37. Ne3 Kg5 38. Ke2 Ng6 39. Bg2 Nf4+ 40. Kd1
Nxg2 41. Nxg2 Rf1+ 42. Kxd2 Rf2+ 0-1

[Event "Team Russia"]
[Site "Petergof"]
[Date "2015.08.06"]
[Round "6.47"]
[White "Antonian, Grant"]
[Black "Reshetnikov, Ruslan"]
[Result "1/2-1/2"]
[WhiteElo "1869"]
[BlackElo "2149"]
[PlyCount "93"]
[EventDate "2015.08.??"]
[EventType "team-swiss"]

1. e4 d6 2. d4 Nf6 3. Nc3 Nbd7 4. Nf3 e5 5. Bc4 Be7 6. O-O O-O 7. h3 c6 8. a4
b6 9. Re1 a6 10. Bg5 Qc7 11. d5 Bb7 12. dxc6 Bxc6 13. Qe2 Bb7 14. Rad1 Rfc8 15.
Ba2 Bc6 16. Qc4 Nc5 17. Qxf7+ Kh8 18. Bxf6 Bxf6 19. Qxc7 Rxc7 20. Bd5 Rac8 21.
b3 Be8 22. Bc4 Rb8 23. Rxd6 b5 24. axb5 axb5 25. Nd5 Rc6 26. Rxc6 Bxc6 27. Bd3
Bxd5 28. exd5 Nxd3 29. cxd3 Rd8 30. Nxe5 Rxd5 31. Nf3 Kg8 32. Re3 Bc3 33. Kf1
b4 34. d4 Ra5 35. Rd3 Kf8 36. Ke2 Ra2+ 37. Ke3 Rb2 38. d5 Ke7 39. d6+ Kd7 40.
Ng5 Rxb3 41. Ne4 Ra3 42. Nc5+ Kc6 43. d7 Bf6 44. Ne4 Be7 45. Kd2 Rxd3+ 46. Kxd3
Kxd7 47. Nd2 1/2-1/2

[Event "Team Russia"]
[Site "Petergof"]
[Date "2015.08.06"]
[Round "6.48"]
[White "Shapar, Tatiana"]
[Black "Granovskaya, Ekaterina"]
[Result "1/2-1/2"]
[WhiteElo "1832"]
[BlackElo "1626"]
[PlyCount "80"]
[EventDate "2015.08.??"]
[EventType "team-swiss"]

1. e4 e5 2. Nf3 Nc6 3. Bb5 a6 4. Ba4 Nge7 5. d4 exd4 6. Nxd4 g6 7. Nc3 Bg7 8.
Be3 O-O 9. O-O b5 10. Nxc6 Nxc6 11. Bb3 Na5 12. Bd4 Bb7 13. Bxg7 Kxg7 14. Qd4+
f6 15. Rfd1 d6 16. Bd5 Bxd5 17. Nxd5 Nc4 18. b3 Ne5 19. f4 Nd7 20. c4 bxc4 21.
Qxc4 Ra7 22. Nb4 Nb6 23. Qc3 Qe8 24. Nc6 Ra8 25. e5 d5 26. exf6+ Rxf6 27. Ne5
Qc8 28. h3 c5 29. Rac1 d4 30. Qxc5 Qxc5 31. Rxc5 Rxf4 32. Rc7+ Kg8 33. Nc6 Nd5
34. Rd7 Nc3 35. Rd2 Re8 36. Kh2 Re2 37. R7xd4 Rxd4 38. Rxd4 Rxa2 39. Rc4 Nd5
40. Nb4 Nxb4 1/2-1/2

[Event "Team Russia"]
[Site "Petergof"]
[Date "2015.08.06"]
[Round "6.49"]
[White "Malyshev, Grigory"]
[Black "Shuster, Andrei"]
[Result "1/2-1/2"]
[WhiteElo "2259"]
[BlackElo "2075"]
[PlyCount "100"]
[EventDate "2015.08.??"]
[EventType "team-swiss"]

1. d4 d5 2. c4 c6 3. Nc3 Nf6 4. e3 e6 5. Nf3 Nbd7 6. Bd3 dxc4 7. Bxc4 b5 8. Bd3
b4 9. Ne4 Nxe4 10. Bxe4 Bb7 11. Qa4 Qb6 12. O-O Be7 13. Nd2 Rc8 14. Rd1 Ba6 15.
a3 Be2 16. Re1 Bb5 17. Qc2 Nf6 18. Bd3 Bxd3 19. Qxd3 O-O 20. Nc4 Qb5 21. a4 Qb7
22. b3 c5 23. Bb2 Rfd8 24. Qc2 Ne4 25. Rac1 cxd4 26. Bxd4 Bf6 27. Bxf6 Nxf6 28.
e4 Qe7 29. Rcd1 e5 30. f3 g6 31. Qc1 Nh5 32. Qe3 f6 33. g3 Ng7 34. f4 exf4 35.
gxf4 Rxd1 36. Rxd1 Rd8 37. Rd4 Rxd4 38. Qxd4 Ne6 39. Qe3 Qc5 40. Kf2 Qh5 41.
Kg3 g5 42. fxg5 fxg5 43. h3 Nf4 44. Kh2 Qd1 45. Nd2 Qe2+ 46. Qxe2 Nxe2 47. Kg2
Kf7 48. Kf3 Nd4+ 49. Kg3 Ne2+ 50. Kf3 Ng1+ 1/2-1/2

[Event "Team Russia"]
[Site "Petergof"]
[Date "2015.08.06"]
[Round "6.50"]
[White "Shugalei, Mikhail"]
[Black "Rudenko, Naum"]
[Result "0-1"]
[WhiteElo "1692"]
[BlackElo "1957"]
[PlyCount "62"]
[EventDate "2015.08.??"]
[EventType "team-swiss"]

1. b3 d5 2. Bb2 Nf6 3. e3 Bf5 4. d3 e6 5. Nf3 Bd6 6. Be2 O-O 7. O-O Nbd7 8. Nh4
Bg6 9. Nxg6 hxg6 10. c4 c6 11. d4 e5 12. c5 Bc7 13. b4 e4 14. Nd2 Qe7 15. Re1
Kh7 16. g3 Rh8 17. Kg2 Kg8 18. Rh1 g5 19. h3 Ne8 20. Rh2 f5 21. Bh5 Nef6 22.
Bg6 Qe6 23. f4 gxf4 24. gxf4 Rh6 25. Bxf5 Qxf5 26. Qf1 Rg6+ 27. Kf2 Bxf4 28.
exf4 Qxf4+ 29. Nf3 exf3 30. Qh1 Ne4+ 31. Ke1 f2+ 0-1

[Event "Team Russia"]
[Site "Petergof"]
[Date "2015.08.06"]
[Round "6.52"]
[White "Zavgorodniaya, Alena"]
[Black "Tikhonova, Dariya"]
[Result "1-0"]
[WhiteElo "1988"]
[BlackElo "1753"]
[PlyCount "51"]
[EventDate "2015.08.??"]
[EventType "team-swiss"]

1. e4 c6 2. d4 d5 3. Nc3 dxe4 4. Nxe4 Nf6 5. Nxf6+ exf6 6. c3 g6 7. Bd3 Bg7 8.
Ne2 O-O 9. Be3 Nd7 10. Qd2 Re8 11. Bh6 Bh8 12. O-O-O Qa5 13. Kb1 Nb6 14. Nf4 g5
15. Qc2 Bg7 16. Bxh7+ Kf8 17. Ng6+ fxg6 18. Bxg7+ Kxg7 19. Qxg6+ Kh8 20. Qxe8+
Kxh7 21. Qf7+ Kh8 22. Qxf6+ Kg8 23. d5 Nxd5 24. Qxg5+ Kh8 25. Ka1 Qa4 26. Rd4
1-0

[Event "Team Russia"]
[Site "Petergof"]
[Date "2015.08.06"]
[Round "6.53"]
[White "Abramov, Nikita"]
[Black "Zaozerskih, Sergey"]
[Result "1-0"]
[WhiteElo "2269"]
[BlackElo "1902"]
[PlyCount "75"]
[EventDate "2015.08.??"]
[EventType "team-swiss"]

1. c4 Nf6 2. g3 g6 3. Bg2 Bg7 4. Nc3 O-O 5. e4 d6 6. Nge2 Nbd7 7. O-O e5 8. d3
h6 9. h3 Re8 10. Be3 Nf8 11. Qd2 Kh7 12. f4 c6 13. Rae1 Qe7 14. f5 gxf5 15.
exf5 Rd8 16. d4 c5 17. d5 a6 18. a4 N8d7 19. g4 Ng8 20. Ng3 f6 21. h4 Rf8 22.
Be4 Kh8 23. Kf2 Rf7 24. Ke2 Bf8 25. Rh1 Rh7 26. g5 b6 27. g6 Rg7 28. Bxh6 Nxh6
29. Qxh6+ Kg8 30. Qd2 Kh8 31. h5 Rg8 32. h6 Ra7 33. Qd3 Nb8 34. Qf3 Bd7 35. Qg4
Be8 36. g7+ Kh7 37. Qg6+ Bxg6 38. fxg6# 1-0

[Event "Team Russia"]
[Site "Petergof"]
[Date "2015.08.06"]
[Round "6.54"]
[White "Bregman, Ilya"]
[Black "Kuzmin, Egor"]
[Result "1-0"]
[WhiteElo "1695"]
[BlackElo "2290"]
[PlyCount "47"]
[EventDate "2015.08.??"]
[EventType "team-swiss"]

1. d4 Nf6 2. c4 e6 3. Nc3 c5 4. d5 exd5 5. cxd5 g6 6. Bg5 Bg7 7. d6 h6 8. Bh4
g5 9. Bg3 O-O 10. h4 g4 11. e4 Re8 12. e5 Nc6 13. Be2 Nh5 14. Bh2 Qxh4 15. Nd5
Nxe5 16. Ne7+ Kf8 17. Qd5 g3 18. Bxg3 Qxh1 19. Bxe5 Bxe5 20. Qxe5 Ng7 21. Qf6
Qxg1+ 22. Kd2 Qh2 23. Bc4 Qh5 24. Rh1 1-0

[Event "Team Russia"]
[Site "Petergof"]
[Date "2015.08.06"]
[Round "6.55"]
[White "Kuznetsov, Felix"]
[Black "Plaksin, Daniil"]
[Result "1-0"]
[WhiteElo "2201"]
[BlackElo "1627"]
[PlyCount "51"]
[EventDate "2015.08.??"]
[EventType "team-swiss"]

1. e4 c5 2. Nf3 Nc6 3. d4 cxd4 4. Nxd4 Nf6 5. Nc3 d6 6. Bg5 e6 7. Qd2 a6 8.
O-O-O Bd7 9. f4 Qc7 10. Be2 h6 11. Bh4 b5 12. Bf3 Rc8 13. Nxc6 Bxc6 14. Rhe1
Be7 15. e5 dxe5 16. fxe5 Rd8 17. Qf2 Nd7 18. Bxe7 Kxe7 19. Qh4+ Ke8 20. Bxc6
Qxc6 21. Ne4 g5 22. Nxg5 Qxg2 23. Nxf7 Kxf7 24. Rf1+ Ke8 25. Qh5+ Ke7 26. Qf7#
1-0

[Event "Team Russia"]
[Site "Petergof"]
[Date "2015.08.06"]
[Round "6.56"]
[White "Parsegyan, Kseniya"]
[Black "Vorobyova, Ekaterina"]
[Result "1-0"]
[WhiteElo "1549"]
[BlackElo "1673"]
[PlyCount "125"]
[EventDate "2015.08.??"]
[EventType "team-swiss"]

1. e4 e5 2. Nf3 Nc6 3. Bb5 a6 4. Ba4 Nf6 5. O-O Be7 6. Re1 b5 7. Bb3 O-O 8. c3
d5 9. exd5 Nxd5 10. Nxe5 Nxe5 11. Rxe5 c6 12. d4 Bd6 13. Bxd5 Bxe5 14. Bxc6 Rb8
15. Nd2 Bxh2+ 16. Kxh2 Qd6+ 17. Kg1 Qxc6 18. Nb3 Bb7 19. f3 Qg6 20. Nc5 Qd6 21.
Be3 Rfe8 22. Bf2 Bd5 23. b3 Rb6 24. Qd3 Qf4 25. Re1 Rxe1+ 26. Bxe1 Rg6 27. Qe2
h5 28. Nd7 Re6 29. Qf2 Qe3 30. Qxe3 Rxe3 31. Kf2 Re8 32. Nc5 a5 33. Bd2 Kh7 34.
Be3 Kg6 35. Ke2 h4 36. Kd3 h3 37. gxh3 Bxf3 38. c4 bxc4+ 39. bxc4 Bg2 40. d5
Bxh3 41. d6 Rd8 42. Bf4 Re8 43. Kd4 Kf5 44. d7 Rh8 45. Bc7 Bg2 46. d8=Q Rxd8+
47. Bxd8 g5 48. Bxa5 Kg4 49. Ne4 f5 50. Nxg5 Kxg5 51. Be1 Kg4 52. Ke5 Kg5 53.
Kd6 Kf4 54. c5 Ke3 55. c6 Bh3 56. a4 f4 57. a5 Bc8 58. Kc7 Ba6 59. Kb8 f3 60.
c7 Ke2 61. Bh4 f2 62. Bxf2 Kxf2 63. c8=Q 1-0

[Event "Team Russia"]
[Site "Petergof"]
[Date "2015.08.07"]
[Round "7.1"]
[White "Oparin, Grigoriy"]
[Black "Alekseenko, Kirill"]
[Result "0-1"]
[WhiteElo "2564"]
[BlackElo "2540"]
[PlyCount "118"]
[EventDate "2015.08.??"]
[EventType "team-swiss"]
[WhiteClock "0:01:03"]
[BlackClock "0:02:22"]

1. e4 e5 2. Nf3 Nc6 3. Bb5 a6 4. Ba4 d6 5. O-O Bd7 6. c3 Nge7 7. d4 Ng6 8. d5
Nb8 9. c4 Be7 10. Nc3 Bxa4 11. Nxa4 Nd7 12. Be3 h6 13. g3 Nf6 14. Nd2 h5 15. c5
h4 16. cxd6 Bxd6 17. g4 h3 18. Nc5 Bxc5 19. Bxc5 Nf4 20. f3 Nd7 21. Be3 O-O 22.
Rc1 Rc8 23. Nc4 Ng2 24. Bf2 c5 25. Qd2 Qf6 26. Bg3 Rfe8 27. b3 b6 28. Rf2 Ra8
29. a4 Rab8 30. Ne3 Nxe3 31. Qxe3 b5 32. a5 Qd8 33. Qe1 b4 34. Ra2 Rb5 35. Qf1
Rxa5 36. Rxa5 Qxa5 37. Ra1 Qd8 38. Rxa6 Qg5 39. Bf2 Qd2 40. Ra7 Nf6 41. Ra1 Nh7
42. Qd1 Ng5 43. Kf1 Qf4 44. Bg3 Qf6 45. Qe2 Nxf3 46. Qf2 Nd2+ 47. Ke2 Nxe4 48.
Qxf6 Nxf6 49. Rd1 Rd8 50. d6 Nxg4 51. Kf3 f5 52. Bh4 Nf6 53. Bg3 Ng4 54. Bh4
Rd7 55. Kg3 Kf7 56. Be7 Ke6 57. Bf8 Nf6 58. Kxh3 Ne4 59. Rg1 g5 0-1

[Event "Team Russia"]
[Site "Petergof"]
[Date "2015.08.07"]
[Round "7.2"]
[White "Lobanov, Sergei"]
[Black "Zakhartsov, Vladimir"]
[Result "1-0"]
[WhiteElo "2377"]
[BlackElo "2453"]
[PlyCount "192"]
[EventDate "2015.08.??"]
[EventType "team-swiss"]
[WhiteClock "0:04:43"]
[BlackClock "0:03:58"]

1. e4 c5 2. Nf3 e6 3. d4 cxd4 4. Nxd4 a6 5. Nc3 Qc7 6. Be2 b5 7. O-O Bb7 8. Re1
Nc6 9. Nxc6 dxc6 10. e5 Rd8 11. Bd3 Ne7 12. a4 Ng6 13. Qh5 b4 14. Nb1 c5 15.
Bxg6 fxg6 16. Qg4 Qc6 17. Be3 Be7 18. Nd2 O-O 19. f3 Rf5 20. Nc4 Ba8 21. b3 Rd5
22. Rac1 Qc7 23. c3 Qb8 24. Qg3 Rd3 25. Qf2 Qd8 26. Qe2 Rxc3 27. Rxc3 bxc3 28.
Qc2 Bd5 29. Qxc3 Qb8 30. Bf2 Rf4 31. Be3 Rf8 32. a5 Qb4 33. Rc1 Rb8 34. Nb6
Qxb3 35. Qxb3 Bxb3 36. Bxc5 Bg5 37. Rc3 Ba2 38. Bd6 Rd8 39. Kf2 h5 40. Ke2 h4
41. Ra3 Bb1 42. Rb3 Bc2 43. Rb2 Bf5 44. g4 hxg3 45. hxg3 Bc1 46. Rb3 g5 47. Rc3
Bb2 48. Rc7 Bg6 49. Ke3 Be8 50. Rc2 Ba1 51. Rc7 Bb5 52. Rc1 Bb2 53. Rc2 Ba1 54.
Rc5 Be8 55. Nc8 Ba4 56. Rc7 Bb2 57. Ne7+ Kh7 58. Rc4 Bd1 59. Rb4 Bc1+ 60. Kf2
Rf8 61. Rb1 Rxf3+ 62. Ke1 Rxg3 63. Rxc1 Bf3 64. Kf2 Rh3 65. Nc6 g4 66. Nd4 Bd5
67. Rg1 Rh2+ 68. Ke3 Ra2 69. Bc7 Ra3+ 70. Kf4 Rd3 71. Bb6 Kh6 72. Rxg4 Rh3 73.
Bc5 g6 74. Bf8+ Kh7 75. Kg5 Kg8 76. Bd6 Kg7 77. Rg1 Rd3 78. Ne2 Re3 79. Nf4 Bc4
80. Nxg6 Kf7 81. Nf4 Rc3 82. Rb1 Bb3 83. Ne2 Re3 84. Nd4 Bd5 85. Rc1 Rd3 86.
Rc7+ Kg8 87. Bc5 Rd1 88. Kf6 Rh1 89. Rc8+ Kh7 90. Ke7 Rh6 91. Rf8 Rh5 92. Bd6
Rh6 93. Rf6 Rh4 94. Nxe6 Ra4 95. Bc7 Rc4 96. Bb6 Rc1 1-0

[Event "Team Russia"]
[Site "Petergof"]
[Date "2015.08.07"]
[Round "7.3"]
[White "Vavulin, Maksim"]
[Black "Saveliev, Alexei"]
[Result "1-0"]
[WhiteElo "2435"]
[BlackElo "2310"]
[PlyCount "131"]
[EventDate "2015.08.??"]
[EventType "team-swiss"]
[WhiteClock "0:00:45"]
[BlackClock "0:00:35"]

1. e4 c5 2. b3 g6 3. Bb2 Nf6 4. e5 Nh5 5. e6 f6 6. exd7+ Bxd7 7. Nc3 Bc6 8. Bb5
Qd7 9. Bxc6 Nxc6 10. Nge2 e5 11. d3 Be7 12. Qd2 O-O-O 13. O-O-O Rhe8 14. Kb1 f5
15. f3 Nf6 16. Qh6 Nd4 17. Rhe1 Bf8 18. Qh4 Bg7 19. h3 Qc6 20. Ng3 Re7 21. Nf1
Rde8 22. Nd2 h6 23. Qg3 g5 24. Qf2 h5 25. g4 hxg4 26. hxg4 e4 27. fxe4 Nxg4 28.
Qg2 Ne5 29. Nd5 Rf7 30. Rf1 fxe4 31. Qxe4 Rd7 32. Ne3 Qe6 33. Rde1 Rdd8 34. Nf5
Bh8 35. Nxd4 cxd4 36. Bxd4 Qd7 37. Bb2 Nc6 38. Qg6 Bxb2 39. Kxb2 Rxe1 40. Rxe1
Qd4+ 41. Kb1 Qf2 42. Qe6+ Kb8 43. Qe2 Qf5 44. Qf3 Qc5 45. Qg3+ Ka8 46. Ne4 Qa5
47. c3 Rg8 48. Kb2 a6 49. d4 Qf5 50. Qf2 Qh3 51. Re3 Qh1 52. Qg3 Rh8 53. Re1
Qh7 54. Nxg5 Qf5 55. Ne6 Ka7 56. Qg2 Rh3 57. Qc2 Qf6 58. Re2 Rh1 59. b4 Qf1 60.
Kb3 Rh3 61. d5 Nb8 62. Nd4 Nd7 63. Re7 Nf6 64. Rf7 Qf4 65. Ka4 Qd6 66. Qf2 1-0

[Event "Team Russia"]
[Site "Petergof"]
[Date "2015.08.07"]
[Round "7.4"]
[White "Kiseleva, Arina"]
[Black "Kisteneva, Liza"]
[Result "1-0"]
[WhiteElo "2038"]
[BlackElo "2069"]
[PlyCount "49"]
[EventDate "2015.08.??"]
[EventType "team-swiss"]
[WhiteClock "0:25:47"]
[BlackClock "0:01:36"]

1. e4 c5 2. c3 d5 3. exd5 Qxd5 4. d4 Nf6 5. Nf3 Bg4 6. dxc5 Qxd1+ 7. Kxd1 e5 8.
b4 e4 9. h3 Bh5 10. g4 Nxg4 11. hxg4 Bxg4 12. Nbd2 exf3 13. Nc4 Nc6 14. Bd3 Be7
15. Kc2 h5 16. Bf4 O-O 17. Ne3 g6 18. Nxg4 hxg4 19. b5 Nd8 20. Be5 f6 21. Bd4
Rc8 22. Rh6 Bxc5 23. Bc4+ Kg7 24. Rah1 Rf7 25. Rh8 1-0